Argelia : entre la coca y la pared : persistencia de cultivos de uso ilícito en el suroccidente caucano /

Bibliographic Details
Main Author: Florez, Alexander, 1983- (Author)
Format: Electronic eBook
Language:Spanish
Published: Popayán, Colombia : Editorial Universidad del Cauca, 2021.
Edition:Primera edición en español.
Subjects:
Online Access:Digitalia Hispánica

MARC

LEADER 00000nam a2200000 i 4500
001 DIGUCAUCA0124
003 NyNyDIG
006 m o d
007 cr |||||||||||
008 231007s2021 ck ab ob 001 0 spa d
035 |a (OCoLC)1394135939 
040 |a DGITA  |b eng  |e rda  |e pn  |c DGITA 
020 |a 9789587324891  |q digital 
020 |z 9789587324884  |q impreso 
043 |a s-ck--- 
050 1 4 |a HD9019.C63 ebook 
100 1 |a Florez, Alexander,  |d 1983-  |e author. 
245 1 0 |a Argelia :  |b entre la coca y la pared : persistencia de cultivos de uso ilícito en el suroccidente caucano /  |c Alexander Florez. 
250 |a Primera edición en español. 
264 1 |a Popayán, Colombia :  |b Editorial Universidad del Cauca,  |c 2021. 
300 |a 1 online resource :  |b illustrations, maps. 
336 |a text  |b txt  |2 rdacontent 
337 |a computer file  |b c  |2 rdamedia 
338 |a online resource  |b cr  |2 rdacarrier 
347 |a text file  |2 rdaft 
347 |b PDF 
500 |a "Apoyo 2020"--Cover. 
504 |a Includes bibliographical references and index. 
588 0 |a Online resource; title from PDF title page (Digitalia, viewed October 7, 2023) 
650 0 |a Coca industry  |x Economic aspects  |z Colombia. 
650 0 |a Agriculture  |x Economic aspects  |z Colombia. 
650 0 |a Sustainable agriculture  |x Economic aspects  |z Colombia. 
651 0 |a Argelia (Cauca, Colombia : Municipio)  |x Economic conditions  |y 21th century. 
776 0 8 |i Print version:  |a Florez, Alexander, 1983-  |t Argelia.  |b Primera edición en español.  |d Popayán, Colombia : Editorial Universidad del Cauca, 2021  |z 9789587324884 
791 2 |a Digitalia (Firm),  |e distributor. 
793 0 |g Digitalia eBook Collection:  |a Universidad del Cauca 
856 4 0 |3 Digitalia Hispánica  |u https://www.digitaliapublishing.com/a/129839/ 
910 |a Premium collection: 2023